<?xml version="1.0" encoding="UTF-8"?><?xml-stylesheet type="text/xsl" href="static/style.xsl"?><OAI-PMH xmlns="http://www.openarchives.org/OAI/2.0/" xmlns:xsi="http://www.w3.org/2001/XMLSchema-instance" xsi:schemaLocation="http://www.openarchives.org/OAI/2.0/ http://www.openarchives.org/OAI/2.0/OAI-PMH.xsd"><responseDate>2026-06-01T02:49:37Z</responseDate><request verb="GetRecord" identifier="oai:riuma.uma.es:10630/14018" metadataPrefix="marc">https://riuma.uma.es/rest/oai/request</request><GetRecord><record><header><identifier>oai:riuma.uma.es:10630/14018</identifier><datestamp>2026-02-03T11:12:55Z</datestamp><setSpec>com_10630_2254</setSpec><setSpec>col_10630_37953</setSpec></header><metadata><record xmlns="http://www.loc.gov/MARC21/slim" xmlns:dcterms="http://purl.org/dc/terms/" xmlns:doc="http://www.lyncode.com/xoai" xmlns:xsi="http://www.w3.org/2001/XMLSchema-instance" xsi:schemaLocation="http://www.loc.gov/MARC21/slim http://www.loc.gov/standards/marcxml/schema/MARC21slim.xsd">
   <leader>00925njm 22002777a 4500</leader>
   <datafield ind2=" " ind1=" " tag="042">
      <subfield code="a">dc</subfield>
   </datafield>
   <datafield ind2=" " ind1=" " tag="720">
      <subfield code="a">Cuesta-García, Ana María</subfield>
      <subfield code="e">author</subfield>
   </datafield>
   <datafield ind2=" " ind1=" " tag="720">
      <subfield code="a">Álvarez-Pinazo, Gema</subfield>
      <subfield code="e">author</subfield>
   </datafield>
   <datafield ind2=" " ind1=" " tag="720">
      <subfield code="a">García-Maté, Marta</subfield>
      <subfield code="e">author</subfield>
   </datafield>
   <datafield ind2=" " ind1=" " tag="720">
      <subfield code="a">Santacruz-Cruz, María Isabel</subfield>
      <subfield code="e">author</subfield>
   </datafield>
   <datafield ind2=" " ind1=" " tag="720">
      <subfield code="a">García-Aranda, Miguel Ángel</subfield>
      <subfield code="e">author</subfield>
   </datafield>
   <datafield ind2=" " ind1=" " tag="720">
      <subfield code="a">Gómez-de-la-Torre, María de los  Ángeles</subfield>
      <subfield code="e">author</subfield>
   </datafield>
   <datafield ind2=" " ind1=" " tag="720">
      <subfield code="a">León-Reina, Laura</subfield>
      <subfield code="e">author</subfield>
   </datafield>
   <datafield ind2=" " ind1=" " tag="260">
      <subfield code="c">2014</subfield>
   </datafield>
   <datafield ind2=" " ind1=" " tag="520">
      <subfield code="a">Building materials are very complex samples of worldwide importance; hence quantitative knowledge&#xd;
of their mineralogical composition is necessary to predict performances. Rietveld quantitative phase&#xd;
analysis (RQPA) allows a direct measurement of the crystalline phase contents of cements. We highlight&#xd;
in this paper the use of laboratory X-ray powder diffraction (LXRPD) employing high-energy&#xd;
radiation, molybdenum (Mo), for attaining the RQPA of cements. Firstly, we evaluate the accuracy&#xd;
of RQPA employing a commercial calcium sulfoaluminate clinker with gypsum. In addition to&#xd;
MoKα1 and MoKα1,2 radiations, Cu and synchrotron patterns are also analyzed for the sake of comparison.&#xd;
Secondly, the assessment of the accuracy of RQPA results obtained using different radiations&#xd;
(synchrotron, Mo, and Cu) and geometries (reflection and transmission) is performed by analyzing&#xd;
two well-known commercial samples. As expected, for LXRPD data, accuracy in the RQPA results&#xd;
improves as the irradiated volume increases. Finally, three very complex aged hydrated cements have&#xd;
been analyzed using MoKα1-LXRPD and Synchrotron-XRPD. The main overall outcome of this&#xd;
work is the benefit for RQPA of using strictly monochromatic MoKα1 radiation. Best laboratory results&#xd;
arise from MoKα1 data as the effective tested volume is much increased but peak overlapping is&#xd;
not swelled</subfield>
   </datafield>
   <datafield ind1="8" ind2=" " tag="024">
      <subfield code="a">Powder Diffraction 30 (1), March 2015</subfield>
   </datafield>
   <datafield ind1="8" ind2=" " tag="024">
      <subfield code="a">0885-7156</subfield>
   </datafield>
   <datafield ind1="8" ind2=" " tag="024">
      <subfield code="a">http://hdl.handle.net/10630/14018</subfield>
   </datafield>
   <datafield tag="653" ind2=" " ind1=" ">
      <subfield code="a">Cemento</subfield>
   </datafield>
   <datafield ind2="0" ind1="0" tag="245">
      <subfield code="a">Rietveld quantitative phase analysis with molybdenum radiation</subfield>
   </datafield>
</record>
</metadata></record></GetRecord></OAI-PMH>